Statistics for Norwich City FC

Click here to take the quiz!

General Stats

  • This quiz has been taken 116 times
  • The average score is 11 of 17

Answer Stats

HintAnswer% Correct
Norwich City StadiumCarrow Road
99%
Team NicknameThe Canaries
97%
Home Kit ColorsYellow
96%
Home Kit ColorsGreen
95%
Biggest Rivals( East Anglian derby)Ipswich Town
94%
Highest Ever Premier League FinishThird
94%
Current Head CoachDaniel Farke
91%
SongOn the Ball, City
83%
Year of founding1902
71%
Kit MakersErreà
62%
Current Shirt SponsorLeoVegas
60%
Informal Name of the East Anglian derbyOld Farm Derby
56%
Club CaptainRussel Martin
33%
Record Apperance HolderKevin Keelan
27%
Nickname before 1907The Citizens
23%
Top ScorerJohnny Gavin
12%
Vice CaptainIvo Pinto
9%

Score Distribution

Percentile by Number Answered

Percent of People with Each Score

Your Score History

You have not taken this quiz